Dios en la tierra (Record no. 120972)

MARC details
000 -LEADER
campo de control de longitud fija 00554nam a2200169 4500
001 - NÚMERO DE CONTROL
campo de control 120972
003 - IDENTIFICADOR DE NÚMERO DE CONTROL
campo de control ES-MaACL
005 - FECHA Y HORA DE LA ÚLTIMA TRANSACCIÓN
campo de control 20230906191647.0
007 - CAMPO FIJO DE DESCRIPCIÓN FÍSICA--INFORMACIÓN GENERAL
campo de control de longitud fija t|
008 - DATOS DE LONGITUD FIJA--INFORMACIÓN GENERAL
campo de control de longitud fija 070214s1959 sp r ||||1| spa d
100 1# - ENTRADA PRINCIPAL--NOMBRE DE PERSONA
Nombre de persona Preciado, Tomás.
9 (RLIN) 93734
245 10 - MENCIÓN DEL TÍTULO
Título Dios en la tierra
Resto del título : (1957 - 1959) /
Mención de responsabilidad, etc. Tomás Preciado ; dibujos del Rvdo. Félix Ibarguchi.
260 ## - PUBLICACIÓN, DISTRIBUCIÓN, ETC.
Lugar de publicación, distribución, etc. Albacete :
Nombre del editor, distribuidor, etc. [s. n.],
Fecha de publicación, distribución, etc. 1959 (
Fabricante Tip. Antonio González)
300 ## - DESCRIPCIÓN FÍSICA
Extensión 118 p., 6 lám. :
Otras características físicas il. ;
Dimensiones 21 cm.
700 1# - ENTRADA AGREGADA--NOMBRE PERSONAL
Nombre de persona Ibarguchi, Félix.
9 (RLIN) 64949
852 ## - LOCALIZACIÓN
Ubicación ES-MaACL
Número de control de estantería C-18431
Sublocalización o colección R.44460
Holdings
Estatus retirado Estado de pérdida Estado de daño No para préstamo Biblioteca de origen Biblioteca actual Ubicación en estantería Fecha de adquisición Fuente de adquisición Total de préstamos Signatura topográfica completa Código de barras Visto por última vez Precio de reemplazo Tipo de ítem Koha
        Biblioteca del Ateneo de Madrid Biblioteca del Ateneo de Madrid Galería 17/01/2008     C-18431 1126082 23/02/2023 23/02/2023 Libro impreso